[Event "Troisdorf op "]
[Site "Troisdorf"]
[Date "2010.11.16"]
[Round "4"]
[White "Andernach, Heinz"]
[Black "Stadtfeld, Martin"]
[Result "1/2-1/2"]
[WhiteElo "1367"]
[BlackElo "1623"]
[PlyCount "52"]
[EventDate "2010.10.26"]
[EventType "swiss"]
[EventRounds "7"]
[EventCountry "GER"]
[SourceTitle "EXT 2013"]
[Source "ChessBase"]
[SourceDate "2012.11.22"]
[SourceVersion "1"]
[SourceVersionDate "2012.11.22"]
[SourceQuality "1"]

1. e4 c5 2. c3 e6 3. d4 d5 4. e5 Nc6 5. Nf3 Qb6 6. a3 cxd4 7. cxd4 Nge7 8. b4 Ng6 9. Be2 a6 10. 0-0 Be7 11. Nc3 0-0 12. Na4 Qc7 13. Nc5 b6 14. Nd3 f6 15. Bb2 Bb7 16. Rc1 Qd7 17. Qd2 Rac8 18. Rc2 fxe5 19. dxe5 d4 20. Rfc1 Rf5 21. Nde1 Ngxe5 22. Bxd4 Nxd4 23. Rxc8+ Bxc8 24. Qxd4 Nxf3+ 25. Nxf3 Qb7 26. Qc4 Rf8 1/2-1/2

[Event "Troisdorf op "]
[Site "Troisdorf"]
[Date "2010.11.02"]
[Round "2"]
[White "Margenberg, Volker"]
[Black "Andernach, Heinz"]
[Result "1-0"]
[WhiteElo "1601"]
[BlackElo "1367"]
[PlyCount "39"]
[EventDate "2010.10.26"]
[EventType "swiss"]
[EventRounds "7"]
[EventCountry "GER"]
[SourceTitle "EXT 2013"]
[Source "ChessBase"]
[SourceDate "2012.11.22"]
[SourceVersion "1"]
[SourceVersionDate "2012.11.22"]
[SourceQuality "1"]

1. d4 Nf6 2. c4 e6 3. Nc3 Bb4 4. e3 c5 5. Bd3 0-0 6. Nf3 Nc6 7. 0-0 Re8 8. Re1 cxd4 9. exd4 Be7 10. a3 d5 11. c5 b6 12. b4 a5 13. b5 Na7 14. c6 Qc7 15. Qc2 Bd6 16. Ne5 h6 17. h3 Re7 18. a4 Bxe5 19. dxe5 Ne4 20. Ba3 1-0